<?xml version="1.0" encoding="UTF-8"?><?xml-stylesheet type="text/xsl" href="static/style.xsl"?><OAI-PMH xmlns="http://www.openarchives.org/OAI/2.0/" xmlns:xsi="http://www.w3.org/2001/XMLSchema-instance" xsi:schemaLocation="http://www.openarchives.org/OAI/2.0/ http://www.openarchives.org/OAI/2.0/OAI-PMH.xsd"><responseDate>2026-04-18T00:28:15Z</responseDate><request verb="GetRecord" identifier="oai:www.recercat.cat:2445/107296" metadataPrefix="marc">https://recercat.cat/oai/request</request><GetRecord><record><header><identifier>oai:recercat.cat:2445/107296</identifier><datestamp>2025-12-05T15:57:25Z</datestamp><setSpec>com_2072_1057</setSpec><setSpec>col_2072_478860</setSpec><setSpec>col_2072_478917</setSpec></header><metadata><record xmlns="http://www.loc.gov/MARC21/slim" xmlns:dcterms="http://purl.org/dc/terms/" xmlns:xsi="http://www.w3.org/2001/XMLSchema-instance" xmlns:doc="http://www.lyncode.com/xoai" xsi:schemaLocation="http://www.loc.gov/MARC21/slim http://www.loc.gov/standards/marcxml/schema/MARC21slim.xsd">
   <leader>00925njm 22002777a 4500</leader>
   <datafield ind2=" " ind1=" " tag="042">
      <subfield code="a">dc</subfield>
   </datafield>
   <datafield ind2=" " ind1=" " tag="720">
      <subfield code="a">Torres Quintana, Antonio</subfield>
      <subfield code="e">author</subfield>
   </datafield>
   <datafield ind2=" " ind1=" " tag="720">
      <subfield code="a">Icart Isern, M. Teresa (Maria Teresa)</subfield>
      <subfield code="e">author</subfield>
   </datafield>
   <datafield ind2=" " ind1=" " tag="260">
      <subfield code="c">2017-02-23T09:31:07Z</subfield>
   </datafield>
   <datafield ind2=" " ind1=" " tag="260">
      <subfield code="c">2017-02-23T09:31:07Z</subfield>
   </datafield>
   <datafield ind2=" " ind1=" " tag="260">
      <subfield code="c">2014-10</subfield>
   </datafield>
   <datafield ind2=" " ind1=" " tag="260">
      <subfield code="c">2017-02-23T09:31:07Z</subfield>
   </datafield>
   <datafield ind2=" " ind1=" " tag="520">
      <subfield code="a">INTRODUCCIÓN. La accesibilidad de la población a los centros sanitarios españoles ha ido evolucionando en las últimas décadas, ligada al estado de bienestar y a los cambios en las competencias en materia de salud. El objetivo de esta revi­sión es describir la evolución de la accesibilidad y su impacto en la población. METODOLOGIA. Se han utilizado bases bibliográficas para bus­car los artículos relacionados con el objetivo de la revisión y comprendidos entre 1940 y 2013. Se han seleccionado aque­llos artículos con mayor calidad y que ayudaban a construir la revisión del tema propuesto. RESULTADOS. La accesibilidad a los centros sanitarios españoles está ligada a la evolución de la atención pública en los últi­mos setenta años. Por un lado, la aparición del Seguro Obligatorio de Enferme­dad (SOE) y la creación de la Seguridad Social hicieron que casi el total de la población española tuviera cobertura sani­taria. Por otro lado, la aplicación de principios como los de justicia y equidad hicieron aflorar numerosos centros hospi­talarios con la finalidad de acercar al máximo la asistencia a la población. En los inicios del siglo XXI, con un crecimiento desmesurado de centros hospitalarios y una crisis económica mundial, se constata la necesidad de ubicar los centros asistenciales de acuerdo con el principio de eficiencia económico-espacial o de racionalidad económica. CONCLUSIONES. En un entorno actual de crisis se analizan las consecuencias de la hiperaccesibilidad (sistema sanitario in­sostenible, polimedicación de la población, etc.) y se busca un sistema sanitario más eficiente. También es necesario plantearse la relación existente entre la hiperaccesibilidad y la hiperfrecuentación de la población a los servicios sanitarios, así como la relación entre la hiperac­cesibilidad y la polimedicación.</subfield>
   </datafield>
   <datafield tag="653" ind2=" " ind1=" ">
      <subfield code="a">Hospitals</subfield>
   </datafield>
   <datafield tag="653" ind2=" " ind1=" ">
      <subfield code="a">Salut pública</subfield>
   </datafield>
   <datafield tag="653" ind2=" " ind1=" ">
      <subfield code="a">Seguretat social</subfield>
   </datafield>
   <datafield tag="653" ind2=" " ind1=" ">
      <subfield code="a">Serveis sanitaris</subfield>
   </datafield>
   <datafield tag="653" ind2=" " ind1=" ">
      <subfield code="a">Assistència mèdica</subfield>
   </datafield>
   <datafield tag="653" ind2=" " ind1=" ">
      <subfield code="a">Història social</subfield>
   </datafield>
   <datafield tag="653" ind2=" " ind1=" ">
      <subfield code="a">Política sanitària</subfield>
   </datafield>
   <datafield tag="653" ind2=" " ind1=" ">
      <subfield code="a">Legislació</subfield>
   </datafield>
   <datafield tag="653" ind2=" " ind1=" ">
      <subfield code="a">Espanya</subfield>
   </datafield>
   <datafield tag="653" ind2=" " ind1=" ">
      <subfield code="a">Hospitals</subfield>
   </datafield>
   <datafield tag="653" ind2=" " ind1=" ">
      <subfield code="a">Public health</subfield>
   </datafield>
   <datafield tag="653" ind2=" " ind1=" ">
      <subfield code="a">Social security</subfield>
   </datafield>
   <datafield tag="653" ind2=" " ind1=" ">
      <subfield code="a">Health services</subfield>
   </datafield>
   <datafield tag="653" ind2=" " ind1=" ">
      <subfield code="a">Medical care</subfield>
   </datafield>
   <datafield tag="653" ind2=" " ind1=" ">
      <subfield code="a">Social history</subfield>
   </datafield>
   <datafield tag="653" ind2=" " ind1=" ">
      <subfield code="a">Medical policy</subfield>
   </datafield>
   <datafield tag="653" ind2=" " ind1=" ">
      <subfield code="a">Legislation</subfield>
   </datafield>
   <datafield tag="653" ind2=" " ind1=" ">
      <subfield code="a">Spain</subfield>
   </datafield>
   <datafield ind2="0" ind1="0" tag="245">
      <subfield code="a">Evolución de la accesibilidad a los centros sanitarios en España. Seguimiento de los últimos setenta años</subfield>
   </datafield>
</record></metadata></record></GetRecord></OAI-PMH>